000 00324nam a22001337a 4500
008 170511b xxu||||| |||| 00| 0 eng d
020 _a9780820550237
041 _aeng
080 _a34
100 _a15
101 _aSHJ
245 _aLEGAL COUNSELING AND NEGOTIATING/ A PRACTICAL APPROACH
_cHERMAN, G.N
942 _2udc
_cBK
999 _c13251
_d13251